GASTROINESTINAL PARASITES IN CHNINE AT CHOM CHAO COMMUNE,PORSENCHEY DISTRICT,PHNOM PENH CITY,បរាសិតក្នុងក្រពះពោះវៀនសិនខ​ នៅសង្កាត់ចោមចៅ ខណ្ណពោធិ៍សែនជ័យ រាជធានីភ្នំពេញ (Record no. 20377)

000 -LEADER
fixed length control field 00709nam a22001577a 4500
003 - CONTROL NUMBER IDENTIFIER
control field LRUA
005 - DATE AND TIME OF LATEST TRANSACTION
control field 20220829093548.0
008 - FIXED-LENGTH DATA ELEMENTS--GENERAL INFORMATION
fixed length control field 220829b xxu||||| |||| 00| 0 eng d
040 ## - CATALOGING SOURCE
Transcribing agency RUA
082 ## - DEWEY DECIMAL CLASSIFICATION NUMBER
Edition number VEM PHA 2018 B1-558 Or.
100 ## - MAIN ENTRY--PERSONAL NAME
9 (RLIN) 15137
Personal name PHALA VUTHA,ផល្លា វុត្ថា
245 ## - TITLE STATEMENT
Title GASTROINESTINAL PARASITES IN CHNINE AT CHOM CHAO COMMUNE,PORSENCHEY DISTRICT,PHNOM PENH CITY,បរាសិតក្នុងក្រពះពោះវៀនសិនខ​ នៅសង្កាត់ចោមចៅ ខណ្ណពោធិ៍សែនជ័យ រាជធានីភ្នំពេញ
260 ## - PUBLICATION, DISTRIBUTION, ETC. (IMPRINT)
Place of publication, distribution, etc. phnom penh
Name of publisher, distributor, etc. rua
Date of publication, distribution, etc. 2018
300 ## - PHYSICAL DESCRIPTION
Extent viii.35p.
Other physical details ill.
Dimensions 29cm.
942 ## - ADDED ENTRY ELEMENTS (KOHA)
Source of classification or shelving scheme
Koha item type VEM
Holdings
Price effective from Date last seen Permanent Location Not for loan Date acquired Source of classification or shelving scheme Koha item type Barcode Lost status Damaged status Shelving location Withdrawn status Current Location Full call number
2022-08-292022-08-29Library Block B 2022-08-29 VEMA070952  B1.558 Library Block BVEM PHA 2018 B1-558 Or.
2022-08-292022-08-29Library Block B 2022-08-29 VEMA070443  B1.558 Library Block BVEM PHA 2018 B1-558 Or.
2022-08-292022-08-29Library Block B 2022-08-29 VEMA070284  B1.558 Library Block BVEM PHA 2018 B1-558 Or.
2022-08-292022-08-29Library Block B 2022-08-29 VEMA070440  B1.558 Library Block BVEM PHA 2018 B1-558 Or.
2022-08-292022-08-29Library Block B 2022-08-29 VEMA070531  B1.558 Library Block BVEM PHA 2018 B1-558 Or.
2022-08-292022-08-29Library Block B 2022-08-29 VEMA070427  B1.558 Library Block BVEM PHA 2018 B1-558 Or.
មជ្ឈមណ្ឌលឯការនៃសាកលវិទ្យាល័យភូមិន្ទកសិកម្មចំការដូង

Powered by Koha